Diffuse matter in space (Record no. 3258)

MARC details
000 -LEADER
fixed length control field 00491nam a2200169Ia 4500
003 - CONTROL NUMBER IDENTIFIER
control field IN-BaIIA
008 - FIXED-LENGTH DATA ELEMENTS--GENERAL INFORMATION
fixed length control field 211028s9999 xx 000 0 eng d
040 ## - CATALOGING SOURCE
Transcribing agency IIA Library
080 ## - UNIVERSAL DECIMAL CLASSIFICATION NUMBER
Universal Decimal Classification number 524.57
Item number SPI
100 ## - MAIN ENTRY--PERSONAL NAME
Personal name Spitzer, Lyman
9 (RLIN) 5802
245 #0 - TITLE STATEMENT
Title Diffuse matter in space
Statement of responsibility, etc. Lyman Spitzer
260 ## - PUBLICATION, DISTRIBUTION, ETC.
Place of publication, distribution, etc. New York
Name of publisher, distributor, etc. Interscience Publishers
Date of publication, distribution, etc. 1968
300 ## - PHYSICAL DESCRIPTION
Extent xiii, 262p.
490 ## - SERIES STATEMENT
Series statement Interscience tracts on physics and astronomy; no. 28
650 ## - SUBJECT ADDED ENTRY--TOPICAL TERM
Topical term or geographic name entry element Interstellar matter
9 (RLIN) 1189
942 ## - ADDED ENTRY ELEMENTS (KOHA)
Koha item type Books
Holdings
Withdrawn status Lost status Damaged status Not for loan Home library Current library Shelving location Date acquired Cost, normal purchase price Total Checkouts Full call number Barcode Date last seen Cost, replacement price Price effective from Koha item type Purchase Price
        IIA Library-Bangalore IIA Library-Bangalore General Stacks 28/06/1969 77.62   524.57/ SPI 3619 05/11/2021 77.62 28/06/1969 Books Rs. 77.62

Powered by Koha